Reflexia sociálnych sietí v podnikovej kultúre

Zavádzanie sociálnych sietí pre účely marketingu sa presúva aj do ďalších oblastí, či už ide o komunikáciu v podniku, personálne riadenie a mnohé iné, čo výrazne ovplyvňuje podnikovú kultúru. Teoretické východiská problematiky. Reflexia sociálnych sietí v podnikovej kultúre. Otvorená komunikácia a p...

Descrizione completa

Salvato in:
Dettagli Bibliografici
Autore principale: Jankelová, Nadežda, 1966-
Natura: Capitolo di libro
Lingua:slovacco
Soggetti:
Tags: Aggiungi Tag
Nessun Tag, puoi essere il primo ad aggiungerne!!

MARC

LEADER 00000nla a2200000 4500
001 0223777
005 20240502073649.3
041 0 |a slo 
044 |a SK 
245 1 0 |a Reflexia sociálnych sietí v podnikovej kultúre  |c Nadežda Jankelová 
520 |a Zavádzanie sociálnych sietí pre účely marketingu sa presúva aj do ďalších oblastí, či už ide o komunikáciu v podniku, personálne riadenie a mnohé iné, čo výrazne ovplyvňuje podnikovú kultúru. Teoretické východiská problematiky. Reflexia sociálnych sietí v podnikovej kultúre. Otvorená komunikácia a podpora kreativity. Rovnováha pracovného a osobného života a zdravý životný štýl. Podnikavosť a podnikanie. 
610 2 0 |a kultúra podniková 
610 2 0 |a siete sociálne 
610 2 0 |a zamestnanci 
610 2 0 |a komunikácia 
610 2 0 |a kreativita 
100 1 |a Jankelová, Nadežda, 1966-